00685nam a22002052 4500001001100000005001700011008004100028020001700069040001500086100003100101245011500132250001300247260004000260300001800300650003700318650004900355700003400404700003800438852000300476000002345520151217152241.0121204s xx 000 0 eng d a0890662630 : aKABUcKABU1 aGraham, Billy.@000018285814aThe Faithful christian :ban anthology of Billy Graham /ccompiled by William Griffin and Ruth Graham Dienert. a1st ed. aNew York :bMcCracken Press,c1994. axvii, 265 p. 0aTheology, Doctrinal.@0000100890 0aChristian lifexBaptist authors.@00001828591 aGriffin, William.@00001828601 aDienert, Ruth Graham.@00001828611